| 000 | 00596nam a2200181 4500 | ||
|---|---|---|---|
| 001 | 123780 | ||
| 003 | ES-MaACL | ||
| 005 | 20230906192234.0 | ||
| 007 | t| | ||
| 008 | 070214s1920 ag r ||||1| spa d | ||
| 100 | 1 |
_aRamacharaka _cYogi. _995061 |
|
| 245 | 1 | 0 |
_aSerie de lecciones sobre Raja Yoga / _cpor Yogi Ramacharaka ; traducción autorizada del inglés por M. López Villamil y Ricardo Vivié. |
| 260 |
_aBuenos Aires : _bLa Facultad, _c1920. |
||
| 300 |
_a330 p. ; _c21 cm. |
||
| 700 | 1 |
_aLópez Villamil, M. _974027 |
|
| 700 | 1 |
_aVivié, Ricardo. _9115602 |
|
| 852 |
_aES-MaACL _jF-5794 |
||
| 999 |
_c123780 _d123780 |
||